Caricamento...

Vivekanandan Paranja Kathakal/

Dettagli Bibliografici
Autore principale: Sudhir Neerattupuram
Natura: Printed Book
Pubblicazione: Aluva: Balasahithi Prakasan, 1999.
Soggetti:
LEADER 00536nam a22001577a 4500
999 |c 144871  |d 144871 
082 |a M301  |b SUD/V 
100 |a Sudhir Neerattupuram 
245 |a Vivekanandan Paranja Kathakal/  |c by Sudhir Neerattupuram 
260 |a Aluva:  |b Balasahithi Prakasan,  |c 1999. 
300 |a 96p. 
650 |a Stories Malayalam 
650 |a Literature Malayalam 
650 |a Literature 
942 |c BK 
952 |0 0  |1 0  |4 0  |6 M_301_000000000000000_SUD_V  |7 0  |9 102909  |a SSUS  |b SSUS  |c STACKS  |d 2020-07-07  |g 25.00  |o M301 SUD/V  |p 099818  |r 2020-07-07  |w 2020-07-07  |y BK